000 nam a22 7a 4500
999 _c129452
_d129452
008 190425b xxu||||| |||| 00| 0 eng d
050 _aPC4112.5.M3
100 _aMadrigal, Margarita
_945964
245 _aSee it and say it in Spanish
_c/ by Margarita Madrigel
260 _aNew York:
_bNew American Library,
_c1961.
300 _a255p. ;
_c18cm.
650 _aSpanish language
_xself instruction
_945965
942 _2lcc
_cMONOGRAPH